| 000 | 00452nam a22001817a 4500 | ||
|---|---|---|---|
| 003 | LK-CoMWRAF | ||
| 005 | 20231230135534.0 | ||
| 008 | 231117b |||||||| |||| 00| 0 eng d | ||
| 040 |
_aLK-CoMWRAF _dLK-CoMWRAF _eLK-CoMWRAF |
||
| 041 | _aeng | ||
| 082 |
_a823 _bBYR |
||
| 100 | _aByron, Lord | ||
| 245 | _aDon juan | ||
| 260 |
_aNew York : _bThe Modern library, |
||
| 650 | _aEnglish Fiction | ||
| 700 |
_aKronenberger, Louis _etrans. |
||
| 942 | _cBK | ||
| 999 |
_c4096 _d4096 |
||